01546nab a22002537a 4500999001500000003000400015005001700019008004100036040000700077100002600084245011700110260007200227300001300299500003500312505054900347505008900896650002300985650004601008650005201054650001801106650002501124773013001149942001301279 c5507d5507OSt20251210094237.0190502c xxu||||| |||| 00| 0 spa d cPJ 96497aKingston, Mateo10aSobre la distinción entre estupro y abuso sexual. ¿Un resabio del modelo de la coacción? /cMateo Kingston. aCiudad Autónoma de Buenos Aires :bThomson Reuters La Ley,c2025. ap. 42-60 aCita Online: AR/DOC/2441/2025. aSumario: I. Introducción.— II. El delito de estupro en la legislación argentina. — III. El papel del consentimiento en los delitos sexuales.— IV. El problema de delimitación. La solución de la cláusula de subsidiariedad.— V. La última reforma del delito de estupro en Argentina.— VI. ¿El estupro como un delito mala prohibita?— VII. Análisis de la criminalización del estupro por razones preventivas.— VIII. La propuesta de regulación de lege ferenda.— IX. Conclusión. — X. Bibliografía complementaria.  t¿Te interesa el texto completo? Solicitalo al correo: koha@justierradelfuego.gov.ar 09343aDERECHO PENAL 0aDELITOS CONTRA LA INTEGRIDAD SEXUAL92902 0aABUSO SEXUAL CALIFICADO POR ACCESO CARNAL94467 0aDELITOS93136 0aCONSENTIMIENTO955850 0272993180dBuenos Aires : LexisNexis, 2006-tRevista de derecho penal y procesal penal. Nº 11 - Noviembre 2025z9875920622 2udccANA